000 02498nam a2200349 a 4500
001
003 DO-SdBNP
005 20221027135134.0
008 090727s2010 dr 000 0 spa d
020 _a9789945163438
040 _aBPMSU
_bspa
_cBPMSU
082 _a323.6097293
_bS678c 2010
_222
092 _a
_b
100 1 _a
245 1 0 _a La sociedad civil dominicana :
_bcontribución a su historia /
_cCoordinadores : Rosa Rita Álvarez Khouri ... [ et al.]
260 _aSanto Domingo :
_b Alianza ONG,
_c2010
300 _a572 p. ;
_c28 cm.
500 _a Incluye referencias bibliográficas y notas al pie de las páginas
504 _a
504 _a
505 0 _aLos grandes procesos -- Orígenes y trayectorias de la sociedad civil en la República Dominicana, 1916-1935 27 -- Historia dominicana y sociedad civil, 1935-1978 51 -- La construcción de la sociedad civil en la democracia dominicana, 1979-2008 107 -- Procesos sectoriales y desarrollos institucional -- Estado, sociedad civil y democracia en la República Dominicana 147 -- Participación ciudadana y la construcción de la democracia política en República Dominicana : un estudio de caso 195 -- Los movimientos sociales urbanos en la República Dominicana 241 -- Historia del comité para la defensa de los derechos barriales (COPADEBA) : un estudio de caso 307 -- El Movimiento Campesino Independiente (MCI) en República Dominicana : un estudio de caso 333 -- La sociedad civil y las políticas sociales en la República Dominicana 365 -- Incidencia de la sociedad civil en las políticas sociales en la República Dominicana. Instituto Nacional de Salud (INSA-LUD) : un estudio de caso 433 -- Aportes de la sociedad civil a la educación. Centre cultural Poveda, su historia institucional, contribución a la democracia: un estudio de caso 455 -- Género y sociedad civil 479 -- Historia institucional de mujeres en desarrollo dominicana (MUDE) : un estudio de caso 541 -- Anexos 561
590 _6Inventariado, 2022/VM
650 4 _aSociedad civil
_xHistoria
_zRepública Dominicana
650 4 _a Participación política
_xHistoria
_zRepública Dominicana
650 4 _aMovimiento sociales
_zRepública Dominicana
700 1 _aÁlvarez Khouri, Rosa Rita.
_e coordinadores
710 2 _aCentro de Investigaciones y Estudios Sociales (República Dominicana)
830 0 _aColección Sociedad Civil
830 0 _aDocumentos de Trabajo
_n1
910 _aVMateo V./Validado
942 _2ddc
_cBK
999 _c14319
_d14319